000 00410nam a2200157Ia 4500
008 210716s2009 xx 000 0 und d
020 _a9788184048674
041 _aeng
082 _a004.69 JERJ
100 _aJerkovic, John I.
245 _aSEO warrior.
250 _a1
260 _aNew Delhi
_bShroff Publishers and Distributors Pvt Ltd
_c2009
300 _axxi,470,17
650 _aInternet / Mutimedia
999 _c193401
_d193401